Dakwah Kontemporari & Media

Bibliographic Details
Other Authors: Khairunneezam Mohd. Noor , Dr (Editor), Zulkiple Abd. Ghani , Prof. Dr (Editor)
Format: Book
Published: Bandar Baru Nilai, Negeri Sembilan : Penerbit Universiti Sains Islam Malaysia 2017
Subjects:

MARC

LEADER 00000cam a2200000 7i4500
001 0000127219
005 20180607.0
008 180607t20172017my e a001 0 bm
020 |a 9789674403546 
040 |a PERPUSTAM   |b eng   |c PERPUSTAM   |e rda 
090 0 0 |a 297.74   |b DAK 
245 0 0 |a Dakwah Kontemporari & Media   |c Editor: Khairunneezam Mohd Noor, Suria Hani Abdul Rahman, Zulkiple Abd. Ghani 
264 1 |a Bandar Baru Nilai, Negeri Sembilan :   |b Penerbit Universiti Sains Islam Malaysia   |c 2017 
264 4 |c ©2017 
300 |a xii, 184 pages ;   |c 23 cm. 
336 |a text, rdacontent 
337 |a unmediated  |2 rdamedia 
338 |a volume  |2 rdacarrier 
500 |a Includes bibliographical references and index 
650 1 0 |a Da'wah (Islam) 
650 2 0 |a Government publications   |z Malaysia 
650 2 0 |a Mass media in religion 
700 0 |a Khairunneezam Mohd. Noor ,   |c Dr. ,   |e editor. 
700 0 |a Zulkiple Abd. Ghani ,   |c Prof. Dr. ,   |e editor. 
999 |a 0000500840   |b Buku   |c Rak Terbuka   |e Perbadanan Perpustakaan Awam Melaka 
999 |a 0000500841   |b Buku   |c Rak Terbuka   |e Perpustakaan Cawangan Jasin 
999 |a 0000500842   |b Buku   |c Rak Terbuka   |e Perpustakaan Cawangan Masjid Tanah 
999 |a 0000500843   |b Buku   |c Rak Terbuka   |e Perpustakaan Cawangan Merlimau 
999 |a 0000500844   |b Buku   |c Rak Terbuka   |e Perbadanan Perpustakaan Awam Melaka 
999 |a 0000500845   |b Buku   |c Rak Terbuka   |e Perbadanan Perpustakaan Awam Melaka 
999 |a 0000500846   |b Buku   |c Rak Terbuka   |e Perbadanan Perpustakaan Awam Melaka 
999 |a 0000500847   |b Buku   |c Rak Terbuka   |e Perbadanan Perpustakaan Awam Melaka 
999 |a 0000500848   |b Buku   |c Rak Terbuka   |e Perpustakaan Komuniti UTC Melaka